000 00268 a2200133 4500
001 64271
040 _cAnchieta - Pituba
100 _aPompéia, Raul
240 1 0 _aO Ateneu
_lpor
245 1 0 _aO Ateneu
300 _a168
650 4 _aFicção brasileira
942 _cBK
999 _c64271
_d64271